<?xml version="1.0" encoding="UTF-8"?><?xml-stylesheet type="text/xsl" href="static/style.xsl"?><OAI-PMH xmlns="http://www.openarchives.org/OAI/2.0/" xmlns:xsi="http://www.w3.org/2001/XMLSchema-instance" xsi:schemaLocation="http://www.openarchives.org/OAI/2.0/ http://www.openarchives.org/OAI/2.0/OAI-PMH.xsd"><responseDate>2026-04-17T02:45:18Z</responseDate><request verb="GetRecord" identifier="oai:www.recercat.cat:2117/414185" metadataPrefix="marc">https://recercat.cat/oai/request</request><GetRecord><record><header><identifier>oai:recercat.cat:2117/414185</identifier><datestamp>2026-01-30T08:19:11Z</datestamp><setSpec>com_2072_1033</setSpec><setSpec>col_2072_452950</setSpec></header><metadata><record xmlns="http://www.loc.gov/MARC21/slim" xmlns:dcterms="http://purl.org/dc/terms/" xmlns:xsi="http://www.w3.org/2001/XMLSchema-instance" xmlns:doc="http://www.lyncode.com/xoai" xsi:schemaLocation="http://www.loc.gov/MARC21/slim http://www.loc.gov/standards/marcxml/schema/MARC21slim.xsd">
   <leader>00925njm 22002777a 4500</leader>
   <datafield ind2=" " ind1=" " tag="042">
      <subfield code="a">dc</subfield>
   </datafield>
   <datafield ind2=" " ind1=" " tag="720">
      <subfield code="a">Robertson, Amy</subfield>
      <subfield code="e">author</subfield>
   </datafield>
   <datafield ind2=" " ind1=" " tag="720">
      <subfield code="a">Gueydon, Sébastien</subfield>
      <subfield code="e">author</subfield>
   </datafield>
   <datafield ind2=" " ind1=" " tag="720">
      <subfield code="a">Alarcón Fernández, Daniel</subfield>
      <subfield code="e">author</subfield>
   </datafield>
   <datafield ind2=" " ind1=" " tag="720">
      <subfield code="a">Bachynski-Polic, Erin</subfield>
      <subfield code="e">author</subfield>
   </datafield>
   <datafield ind2=" " ind1=" " tag="720">
      <subfield code="a">Trubat Casal, Pau</subfield>
      <subfield code="e">author</subfield>
   </datafield>
   <datafield ind2=" " ind1=" " tag="260">
      <subfield code="c">2020-09</subfield>
   </datafield>
   <datafield ind2=" " ind1=" " tag="520">
      <subfield code="a">Phase I of the OC6 project is focused on examining why offshore wind design tools underpredict the response (loads/motion) of the OC5-DeepCwind semisubmersible at its surge and pitch natural frequencies. Previous investigations showed that the underprediction was primarily related to nonlinear hydrodynamic loading, so two new validation campaigns were performed to separately examine the different hydrodynamic load components. In this paper, we validate a variety of tools against this new test data, focusing on the ability to accurately model the low-frequency loads on a semisubmersible floater when held fixed under wave excitation and when forced to oscillate in the surge direction. However, it is observed that models providing better load predictions in these two scenarios do not necessarily produce a more accurate motion response in a moored configuration.</subfield>
   </datafield>
   <datafield ind2=" " ind1=" " tag="520">
      <subfield code="a">Peer Reviewed</subfield>
   </datafield>
   <datafield ind2=" " ind1=" " tag="520">
      <subfield code="a">"A N Robertson1, S Gueydon2, E Bachynski3, L Wang1, J Jonkman1, D Alarcón4, E Amet5, A Beardsell6, P Bonnet7, B Boudet5, C Brun8, Z Chen9, M Féron10, D Forbush11, C Galinos12, J Galvan13, P Gilbert14, J Gómez15, V Harnois15, F Haudin16, Z Hu17, J Le Dreff18, M Leimeister19, F Lemmer20, H Li3, G McKinnon21, I Mendikoa13, A Moghtadaei22, S Netzband23, S Oh24, A Pegalajar-Jurado12, M Q Nguyen16, K Ruehl11, P Schünemann25, W Shi26, H Shin27, Y Si9, F Surmont8, P Trubat4, J Qwist28, S Wohlfahrt-Laymann20&#xd;
1National Renewable Energy Laboratory, 15013 Denver W Pkwy, Golden, CO, USA 80401&#xd;
2Maritime Research Institute Netherlands, Haagsteeg 2, 6708 PM Wageningen, Netherlands&#xd;
3Norwegian University of Science and Technology, 7491 Trondheim, Norway&#xd;
4Universitat Politècnica de Catalunya, Jordi Girona 1-3, 08034, Barcelona, Spain&#xd;
5Bureau Veritas, 60 avenue du Général de Gaulle, 92046 Paris - La Défense&#xd;
6DNV GL, One Linear Park, Avon St., Temple Quay, Bristol, BS2 0PS, UK&#xd;
7Siemens Digital Industries Software, C/Lluis Muntadas 5, Cornellà, Spain 08940&#xd;
8Bureau Veritas, 8, avenue Jacques Cartier, Atlantis - 44807 Saint-Herblain Cdx - France&#xd;
9Ocean College, Zhejiang University, Zhoushan 316021, China&#xd;
10DORIS Engineering, 58a rue du Dessous des Berges, 75013 Paris, France&#xd;
11Sandia National Laboratories, 1515 Eubank Blvd SE, Albuquerque, NM 87123&#xd;
12DTU Wind Energy, Nils Koppels Allé 403, Kgs. Lyngby, DK-2800, Denmark&#xd;
13Tecnalia Research &amp; Innovation, Parque Tecnologico Bizkaia, Ed.700, 48160 Derio, Spain&#xd;
14IFPEN, 4 avenue de Bois Préau 92852 Rueil-Malmaison Cedex, France&#xd;
15PRINCIPIA, ZAC Athelia I - 215 Voie Ariane, 13705 La CIOTAT Cedex France&#xd;
16Vulcain Ingénierie, 5 rue Beffroy, 92200 Neuilly-sur-Seine, France&#xd;
17School of Engineering, Newcastle University, Newcastle upon Tyne, NE1 7RU, UK&#xd;
18EDF R&amp;D, 7 boulevard Gaspard Monge, 91120 Palaiseau, France&#xd;
19Fraunhofer Inst. for Wind Energy Systems, Am Luneort 100, 27572 Bremerhaven, Germany&#xd;
20University of Stuttgart, 70569 Stuttgart, Germany&#xd;
21Orcina Ltd., Daltongate, Ulverston, Cumbria LA12 7AJ, UK&#xd;
22Queen’s University Belfast, Belfast, BT9 5AG, Northern Ireland, United Kingdom&#xd;
23Hamburg University of Technology, 21071 Hamburg, Germany&#xd;
24ClassNK, 4-7 Kioicho, Chiyodaku, Tokyo, Japan&#xd;
25Universität Rostock, Albert-Einstein-Str. 2, 18059 Rostock, Germany&#xd;
26Dalian University of Technology, No.2 Linggong Road, Dalian, Liaoning, China 116024&#xd;
27University of Ulsan, 93 Daehakro Namgu Ulsan, 44610,"</subfield>
   </datafield>
   <datafield ind2=" " ind1=" " tag="520">
      <subfield code="a">Postprint (published version)</subfield>
   </datafield>
   <datafield tag="653" ind2=" " ind1=" ">
      <subfield code="a">Àrees temàtiques de la UPC::Energies::Energia eòlica::Aerogeneradors</subfield>
   </datafield>
   <datafield tag="653" ind2=" " ind1=" ">
      <subfield code="a">Wind turbines -- Design and construction</subfield>
   </datafield>
   <datafield tag="653" ind2=" " ind1=" ">
      <subfield code="a">Aerogeneradors</subfield>
   </datafield>
   <datafield ind2="0" ind1="0" tag="245">
      <subfield code="a">OC6 Phase I: Investigating the underprediction of low-frequency hydrodynamic loads and responses of a floating wind turbine</subfield>
   </datafield>
</record></metadata></record></GetRecord></OAI-PMH>